Compter de 1 à 20 en toute lettres - Statistiques

Statistiques générales
  • Ce quiz a été pris 84 fois
  • Le résultat moyen est 17 sur 20
Statistiques - réponses
Hint Réponse % Correct
1 un
100%
2 deux
97%
10 dix
95%
3 trois
95%
5 cinq
94%
12 douze
94%
8 huit
94%
9 neuf
94%
4 quatre
94%
7 sept
94%
6 six
94%
13 treize
94%
11 onze
92%
14 quatorze
85%
15 quinze
79%
16 seize
77%
17 dix-sept
68%
18 dix-huit
55%
19 dix-neuf
41%
20 vingt
41%
Aucun quiz correspondant
Distribution des résultats
% des personnes avec chaque résultat
Percentile par nombre de réponses
Votre historique - résultats
Vous n’avez pas pris ce quiz